[Event "GER-ch U12"]
[Site "Willingen"]
[Date "2020.10.30"]
[Round "6"]
[White "Mueller, Maximilian3333"]
[Black "Klaska, Philipp Leon"]
[Result "0-1"]
[WhiteElo "1691"]
[BlackElo "1716"]
[PlyCount "58"]
[EventDate "2020.10.26"]
[EventType "swiss"]
[EventRounds "7"]
[EventCountry "GER"]
[SourceTitle "CBM 199 Extra"]
[Source "ChessBase"]
[SourceDate "2021.01.31"]
[SourceVersion "1"]
[SourceVersionDate "2021.01.31"]
[SourceQuality "1"]

1. e4 e6 2. d4 d5 3. Nd2 c5 4. exd5 exd5 5. dxc5 Bxc5 6. Nb3 Bb6 7. Nf3 Nf6 8. Bg5 0-0 9. Nbd4 Bg4 10. Be2 Nbd7 11. 0-0 h6 12. Bxf6 Nxf6 13. h3 Bh5 14. c3 Re8 15. Bb5 Re4 16. Qb3 Qd6 17. Bd3 Rf4 18. Nf5 Qd7 19. Ne5 Qe6 20. Rae1 Rxf5 21. Bxf5 Qxf5 22. g4 Bxg4 23. hxg4 Nxg4 24. Nxg4 Qxg4+ 25. Kh1 Qh3+ 26. Kg1 Bc7 27. f4 Bb6+ 28. Rf2 Qg3+ 29. Kh1 Bxf2 0-1

[Event "EU Union-ch U12"]
[Site "Kouty nad Desnou"]
[Date "2020.08.20"]
[Round "7"]
[White "Megyeri, Martin"]
[Black "Klaska, Philipp Leon"]
[Result "0-1"]
[WhiteElo "1694"]
[BlackElo "1694"]
[PlyCount "140"]
[EventDate "2020.08.14"]
[EventType "swiss"]
[EventRounds "9"]
[EventCountry "CZE"]
[SourceTitle "EXT 2021"]
[Source "ChessBase"]
[SourceDate "2020.10.23"]
[SourceVersion "1"]
[SourceVersionDate "2020.10.23"]
[SourceQuality "1"]

1. e4 c5 2. Nc3 g6 3. g3 Bg7 4. Bg2 Nc6 5. d3 d6 6. Nge2 Rb8 7. Be3 b5 8. Qd2 Nf6 9. f4 Ng4 10. Nd1 Nxe3 11. Qxe3 Qa5+ 12. Qd2 Qxd2+ 13. Kxd2 0-0 14. c3 Bd7 15. Ne3 b4 16. Rhc1 bxc3+ 17. bxc3 Rb2+ 18. Rc2 Rfb8 19. Rac1 Be6 20. a4 Na5 21. Rxb2 Rxb2+ 22. Rc2 Rb1 23. Nc1 Nb3+ 24. Nxb3 Bxb3 25. Rc1 Rxc1 26. Kxc1 Bxa4 27. Kd2 Kf8 28. Nc2 Ke8 29. d4 Bxc2 30. Kxc2 cxd4 31. cxd4 Bxd4 32. h3 Kd7 33. Kd3 Bc5 34. g4 e5 35. fxe5 dxe5 36. Kc4 Bd4 37. Kb5 Ke6 38. Bf1 Kf6 39. Bc4 Kg7 40. Kb4 f6 41. Kb3 Kh6 42. Bg8 Kg7 43. Bc4 h5 44. Be2 hxg4 45. hxg4 Kh6 46. Kc2 Kg5 47. Kd3 Kf4 48. Bd1 Bb6 49. Be2 f5 50. gxf5 gxf5 51. exf5 e4+ 52. Kd2 e3+ 53. Kd1 Kxf5 54. Ba6 Ke4 55. Ke2 Kd4 56. Kd1 Kc3 57. Kc1 Kb4 58. Kc2 Ka5 59. Be2 Bc5 60. Kb3 Kb6 61. Ka4 a5 62. Bd1 Bb4 63. Be2 Kc5 64. Kb3 Kd4 65. Bb5 Ke4 66. Kc2 Kf3 67. Kd1 Kf2 68. Bc4 a4 69. Be2 a3 70. Bc4 a2 0-1

[Event "EU Union-ch U12"]
[Site "Kouty nad Desnou"]
[Date "2020.08.18"]
[Round "5"]
[White "Klaska, Philipp Leon"]
[Black "Janouskova, Adela"]
[Result "1/2-1/2"]
[WhiteElo "1694"]
[BlackElo "1517"]
[PlyCount "121"]
[EventDate "2020.08.14"]
[EventType "swiss"]
[EventRounds "9"]
[EventCountry "CZE"]
[SourceTitle "EXT 2021"]
[Source "ChessBase"]
[SourceDate "2020.10.23"]
[SourceVersion "1"]
[SourceVersionDate "2020.10.23"]
[SourceQuality "1"]

1. e4 c5 2. Nf3 a6 3. c3 Nf6 4. e5 Nd5 5. d4 cxd4 6. cxd4 e6 7. Nc3 d6 8. Nxd5 exd5 9. exd6 Bxd6 10. h3 0-0 11. Bd3 Re8+ 12. Be3 Bb4+ 13. Kf1 Nc6 14. a3 Bd6 15. Qb3 Be6 16. Qc2 h6 17. Bf5 Qd7 18. Bxe6 Qxe6 19. Re1 Qd7 20. Qb3 Be7 21. Bf4 Bf6 22. Rxe8+ Rxe8 23. Be3 Na5 24. Qc3 Nc4 25. Bf4 Qf5 26. Be5 Bxe5 27. dxe5 Nxe5 28. Nxe5 Rxe5 29. Kg1 Re2 30. f3 Rc2 31. Qd4 Qg5 32. Qg4 Qxg4 33. hxg4 Rxb2 34. Kh2 Ra2 35. Rb1 Rxa3 36. Rxb7 d4 37. Rd7 d3 38. Rd8+ Kh7 39. Kg3 Rb3 40. Rd5 g5 41. Kf2 Rb2+ 42. Ke3 d2 43. Ke2 Ra2 44. Kd1 a5 45. Rd4 Kg6 46. Rd6+ f6 47. Rd7 Rb2 48. Rd4 Kf7 49. Ra4 Rb7 50. Rxa5 Rd7 51. Ra2 Kg6 52. Rxd2 Rxd2+ 53. Kxd2 f5 54. gxf5+ Kxf5 55. Ke3 h5 56. g3 h4 57. gxh4 gxh4 58. Kf2 Kf4 59. Kg2 Ke3 60. Kh3 Kxf3 61. Kxh4 1/2-1/2

[Event "EU Union-ch U12"]
[Site "Kouty nad Desnou"]
[Date "2020.08.15"]
[Round "2"]
[White "Klaska, Philipp Leon"]
[Black "Fizer, Marek"]
[Result "1/2-1/2"]
[WhiteElo "1694"]
[BlackElo "1882"]
[PlyCount "60"]
[EventDate "2020.08.14"]
[EventType "swiss"]
[EventRounds "9"]
[EventCountry "CZE"]
[SourceTitle "EXT 2021"]
[Source "ChessBase"]
[SourceDate "2020.10.23"]
[SourceVersion "1"]
[SourceVersionDate "2020.10.23"]
[SourceQuality "1"]

1. e4 c5 2. Nf3 d6 3. d4 cxd4 4. Nxd4 Nf6 5. Nc3 Nc6 6. Be3 e5 7. Ndb5 a6 8. Na3 b5 9. Nd5 Nxd5 10. exd5 Nb8 11. Be2 Be7 12. 0-0 0-0 13. Rc1 f5 14. f3 f4 15. Bf2 Bh4 16. Bxh4 Qxh4 17. Qe1 Qh5 18. c4 Rf6 19. cxb5 Bf5 20. b6 Rh6 21. h4 Nd7 22. b7 Rb8 23. Rc8+ Kf7 24. Bxa6 Rg6 25. Rxb8 Nxb8 26. Qa5 Qxh4 27. Qc7+ Bd7 28. Qxb8 Rxg2+ 29. Kxg2 Qg3+ 30. Kh1 Qh3+ 1/2-1/2